MDQL
is popping MORE tags! Check the
thread
!
Quizzes
Events
Quiz Creation
Community
Videos
Private Events
Remove Ads
Sign In
Join for FREE
Feedback
Dark Mode
Quiz Categories
Sports
Geography
Music
Movies
Television
Just For Fun
Miscellaneous
History
Literature
Language
Science
Gaming
Entertainment
Religion
Holiday
For Kids
Quiz Lab
Recent
Popular Today
Quiz Kudos Today
Editor Picks
Curator Picks
Quizzes by...
Day
Popularity
Type
Ratings
Length
Year
Community
Subscriptions
Recent Discussions
Orange Saloon
Badges
Playlists
Quests
Create
Leaderboards
Showdown
Live 5
Trivia Bingo
Activity
Puzzle Library
Sporcle Events
Private Events
Virtual Trivia
Globe League
Become a Host
Pub Owners
SporcleCon
Opinionation
Our Games
Videos
Blog
Mobile Apps
Partnerships
Remove Ads and Go Orange
Feedback
Gaming
Video Games
Board Games
Card Games
Pokémon
Mario
Nintendo
Minecraft
Console
Toys
Legend of Zelda
Gaming
Video Games
Board Games
Card Games
Pokémon
Mario
Nintendo
Minecraft
Console
Toys
Legend of Zelda
Random Quiz
Search Sporcle
×
Curator Pick
Curator Pick
Gaming
Pokémon
Select answers by clicking on text or image buttons
Select answers by clicking on text or image buttons
Clickable
Best Score? Go Orange.
Nintendo Subtitle Shooting Gallery Stats
Can you pick the subtitles associated with each Nintendo series?
By
Rotom_493
11m
85 Questions
754 Plays
754 Plays
754 Plays
Comments
Comments
Give Quiz Kudos
Give Quiz Kudos
-
- Ratings
hide this ad
More Info
Forced Order
Answers have to be entered in order
Answers have to be entered in order
Replay
Link that replays current quiz
Next Quiz
Link to next quiz in quiz playlist
You Got
0%
They Got
Avg Score
57%
Avg Friend Score
Upgrade to see
Score Distribution
Jump to the score distribution portion of the page
Score
0/85
Timer
11:00
0
Plays Today
% Correct
A Link to the Past
95.8%
A Link Between Worlds
94.8%
Ocarina of Time
93%
Link's Awakening
92%
Majora's Mask
89.4%
Wind Waker
88%
Twilight Princess
86.9%
Skyward Sword
86.6%
Four Swords Adventures
86.3%
Four Swords
84.2%
Oracle of Ages
83.5%
Oracle of Seasons
83.1%
Phantom Hourglass
80.6%
The Minish Cap
79%
Diddy's Kong Quest
79%
Dixie Kong's Trouble
78.1%
Melee
74.2%
Brawl
74.1%
Spirit Tracks
73.8%
Double Dash!!
72.9%
Bowser's Inside Story
69.9%
New Leaf
68.4%
Blue Rescue Team
66.9%
The Thousand-Year Door
66.7%
Nightmare in Dreamland
66.3%
City Folk
65.2%
Partners in Time
65.1%
Super Circuit
64.9%
Air Ride
64.9%
% Correct
Red Rescue Team
63.2%
Explorers of Sky
62.8%
Explorers of Time
62.5%
Twisted!
62.3%
Mega Microgames
61.8%
Touched!
61.8%
Explorers of Darkness
61.6%
Tropical Freeze
61.4%
Smooth Moves
61.2%
The Crystal Shards
61%
Other M
60.7%
Superstar Saga
60.4%
Dream Team
59.8%
Minis March Again
58.3%
Snapped!
58.2%
D.I.Y.
58%
Dark Moon
57.8%
Mega Party Games
57.5%
March of the Minis
57.2%
Sticker Star
57%
Wild World
56.7%
D.I.Y. Showcase
56.6%
Arcade GP
55.1%
Mini-Land Mayhem
54.7%
Fusion
54.6%
Path of Radiance
54.4%
Canvas Curse
53.9%
Radiant Dawn
52.2%
Echoes
51.5%
% Correct
Triple Deluxe
50.9%
Squeak Squad
50.6%
Corruption
49.9%
Zero Mission
48.3%
GP Legends
44.4%
Gates to Infinity
43%
Maximum Velocity
42.6%
The Sacred Stones
42.4%
Mass Attack
41%
Shadow Dragon
37.8%
Tipping Stars
35.3%
Dual Strike
35.1%
Blue Storm
34.7%
Days of Ruin
32.5%
Black Hole Rising
32.5%
Dark Dawn
32.4%
Photo Finder
29.1%
Guardian Signs
29.1%
Shadows of Almia
28.7%
The Last Ranger
28.7%
Climax
28.2%
Park Patrol
27.5%
The Lost Age
27.5%
Spin Cycle
21.8%
Successor of the Earth
21.6%
Star Successor
21.1%
Plant 530
20.6%
Quiz Playlist
Details
Report
Send in Message
Add To Playlist
More Info:
For this quiz, "Metroid" does not include the Metroid Prime games.
Clickable:
Select answers by clicking on text or image buttons
Forced Order:
Answers have to be entered in order
Last Updated: Feb 16, 2017
Curator Pick in
Nintendo
Quiz Scoreboard
CHALLENGE
Sign Up to Join the Scoreboard
Show All
Scores
Hide
Comments
May contain spoilers
Recently Published
Image Sorting: Flags VI
by Barbecue
Geography
2m
Find the 'City' Movie
by crazypaving
Movies
60s
Colored Red Africa Blitz
by spor1
Geography
45s
More to Explore
Quiz From the Vault
Featured Blog Post
14 Easter Pick-up Lines to Find Eggs With
hide this ad
You Might Also Like...
Tags
Legend of Zelda Quiz
Mario Quiz
Nintendo Quiz
Pokémon Quiz
Advance Wars
Animal Crossing
Donkey Kong
Mario Kart
metroid
Nintendo Games
Paper Mario
Zelda
Today's Top Quizzes in Gaming
Browse Gaming
hide this ad
Today's Top Quizzes in Pokémon
Browse Pokémon
Top Contributed Quizzes in Gaming
1
League of Legends Pro Players by Career/Team History
2
Destiny 2 exotic weapons by perk icons
3
Genshin murder mystery
4
Dead By Daylight Logic Puzzle
5
Genshin Impact Logic Puzzle
6
Overwatch Logic Puzzle
7
4x4 Decades: Video Games
8
Who's on the WWE 2K24 Cover?
9
Overwatch 2: Ultimate Ability Icons
10
Valorant Agent Developer Names (Up to Clove)
Explore More
Trending Topics
Marvel
Harry Potter
Anime
Crossword
Disney
Kpop
NBA
WWE
Pokémon
Song
NFL
Soccer
The Office
Country
Puzzle
hide this ad
More By:
Rotom_493
Quiz
Plays
Rating
Category
Featured
Created
Bulldog Drummond in Order: The Paramount Series
2
Movies
Mar 7, 2024
1820's Apostles
4
Religion
Mar 3, 2024
Last Pokemon in the National Dex
60
5.00
Gaming
Feb 27, 2024
1830's Apostles
5
Religion
Feb 25, 2024
Super Smash Bros 1P Game in Order
28
5.00
Gaming
Feb 5, 2024
Go to Creator's Profile
Score Distribution
Quiz Creator Spotlight
Rotom_493
Follow
Send a Message
Quizzes Created
-
Created Quiz Play Count
-
More By This Creator
Popular Quizzes Today
1
Colored Red Africa Blitz
2
Find the US States - No Outlines Minefield
3
Find the 'City' Movie
4
5x2 Blitz: Bands
5
The Countries of the World
6
Find the US States
7
Find the Countries of Europe - No Outlines Minefield
8
US States
More Gaming Quizzes
Pokémon by Card Art: Team Rocket
Quiz Lab
Trending Quizzes
Colored Red Europe Blitz I
Colored Red Europe Blitz II
Colored Red Africa Blitz II
Colored Red Europe Blitz III
Colored Red Africa Blitz III
Recently Updated
How Do You Spell That?
pecheneg
Godzilla Movies
pecheneg
Grab Bag: 4-10 Letters
pecheneg
2024 March Madness Bracket
pecheneg
Famous TV Couples
Peacemaker
Champions League XIs: Real Madrid
pecheneg
Largest US Cities 1790-2010
pecheneg
Rides in Walt Disney World
pecheneg
Most Oscar Losses (Acting)
pecheneg
Beyoncé Albums
pecheneg
Trending Topics
NBA
Crossword
Disney
Anime
Kpop
Harry Potter
Marvel
WWE
NFL
The Office
Pokémon
Song
Soccer
Country
Puzzle
Your Account Isn't Verified!
In order to create a playlist on Sporcle, you need to verify the email address you used during registration. Go to your
Sporcle Settings
to finish the process.
Report this User
Report this user for behavior that violates our
Community Guidelines
.
Details:
Send Report
Go to the Sporcle.com Mobile Site →
Comments